000 01813nam a2200409 c 4500
003 BLK
005 20230725163749.0
008 180409b bul|||||r ||||||| ||bul||
010 _aKNG00101462000
020 _a954-9890-12-0
_bиздат.: Кама
040 _aBLK
041 _aBUL
_cBUL
080 _aИстория на Русия и СССР. Вж и 936 ; 957
_b94(470)
_x
_z94(470)
100 1 _aВерт, Никола
_eпърви автор
_947700
700 1 _aИлчева, Галина
_eпрев. от фр.
_9374243
700 1 _aКостова, Стефанка
_983287
700 1 _aШипчанов, Милен Иванов
_eпрев. от фр.
_9256969
700 1 _aПантев, Андрей Лазаров
_9363433
700 1 _aБаева, Искра Василева
_eпредг. от
_9364406
139 _aВерт, Николай
_bВ 50
245 1 0 _aИстория на Съветския съюз
_cНикола Верт; прев. от фр. Галина Илчева; прев. от фр. Стефанка Костова; прев. от фр. Милен Иванов Шипчанов; науч. ред. Андрей Лазаров Пантев; предг. от Искра Василева Баева.
257 _aFRA
260 София
_bКама
_c2000
300 _a480 с., 12 л.
_bсн.
_c24 см
380 _a9
490 1 _aПоредица Време
_v3
500 _aОриг. загл. Histoire de l`Union sovietique / Nicolas Werth
650 4 _aИстория - СССР
_9249838
653 _aистория
653 _aСъветски съюз
852 _aЦб 211576
856 4 _qpdf
_u
856 4 _qpdf
_u
942 _cKNG
_n0
_03
944 _aCR
_c01.01.2000
_k30529
_lДиана Гривева
944 _aED
_c04.01.2007
_k
999 _c96562
_d96562